Catálogo
 En Linea

Proyecto de aprovechamiento multiple del rio mao : presa de Monción. (Registro nro. 45421)

Detalles MARC
000 -CABECERA
campo de control de longitud fija 00340nam a2200121 a 4500
003 - IDENTIFICADOR DEL NÚMERO DE CONTROL
campo de control DO-SdBNP
005 - FECHA Y HORA DE LA ÚLTIMA TRANSACCIÓN
campo de control 20210528153126.0
008 - DATOS DE LONGITUD FIJA--INFORMACIÓN GENERAL
campo de control de longitud fija 150602s2004 000 spa d
040 ## - FUENTE DE LA CATALOGACIÓN
Centro catalogador/agencia de origen DO-SdBNP
Lengua de catalogación spa
Centro/agencia transcriptor DO-SdBNP
245 #0 - MENCIÓN DE TÍTULO
Título Proyecto de aprovechamiento multiple del rio mao : presa de Monción.
260 ## - PUBLICACIÓN, DISTRIBUCIÓN, ETC.
Lugar de publicación, distribución, etc. s. n.,
Fecha de publicación, distribución, etc. s. f.
942 ## - ELEMENTOS DE PUNTO DE ACCESO ADICIONAL (KOHA)
Fuente del sistema de clasificación o colocación Dewey Decimal Classification
Tipo de ítem Koha Libro

No hay ítems disponibles.

Con tecnología Koha